Pharmacognosy Magazine (Record no. 198528)

MARC details
000 -LEADER
fixed length control field 00287nam a2200109 4500
008 - FIXED-LENGTH DATA ELEMENTS--GENERAL INFORMATION
fixed length control field 230925b |||||||| |||| 00| 0 eng d
022 ## - INTERNATIONAL STANDARD SERIAL NUMBER
International Standard Serial Number 0973-1296
245 ## - TITLE STATEMENT
Title Pharmacognosy Magazine
260 ## - PUBLICATION, DISTRIBUTION, ETC. (IMPRINT)
Place of publication, distribution, etc New Delhi
Name of publisher, distributor, etc Sage
Date of publication, distribution, etc 2023
300 ## - PHYSICAL DESCRIPTION
Extent vol.19,no.3
Other physical details illus.
Dimensions 28cm
942 ## - ADDED ENTRY ELEMENTS (KOHA)
Source of classification or shelving scheme Dewey Decimal Classification
Item type Periodicals
Call number suffix PHA
Serial record 1
Holdings
Withdrawn status Lost status Source of classification or shelving scheme Damaged status Not for loan Collection code Home library Current library Shelving location Date acquired Source of acquisition Total Checkouts Full call number Date last seen Price effective from Koha item type
    Dewey Decimal Classification   Not For Loan Non-fiction Central Library Central Library On Display 25/09/2023 DBAD/PUB   PHA 25/09/2023 25/09/2023 Periodicals

© Delhi Public Library
Hit Counter
free hit counter